| 000 | 00538nam a2200241 a 4500 | ||
|---|---|---|---|
| 001 | nice12345678 | ||
| 003 | IN_TiNIC | ||
| 005 | 20260116011438.0 | ||
| 008 | 050524s1952 lona grp 000 0 eng | ||
| 020 |
_a _c100 |
||
| 082 | 0 | 0 |
_a231 _bPRE |
| 100 | _aPrestige, G L | ||
| 245 | _aGod in Patristic Thought | ||
| 260 |
_aLondon _bSpck _c1952 |
||
| 300 | _a318p | ||
| 500 | _aincludes index and biblioraphy | ||
| 505 | 2 | _aIndex | |
| 650 | _aGod | ||
| 700 | 1 | _aPrestige, G L | |
| 902 | _bSRS | ||
| 942 | _cBK | ||
| 999 |
_c1603 _d1603 |
||